[Event "AUTO-OPEN-2710"]
[Site "http://www.queenalice.com/game.php?id=1070631"]
[Date "2012.6.11"]
[Round "1"]
[White "charles"]
[Black "jmdsx"]
[Result "1-0"]
[WhiteElo "1866"]
[BlackElo "1303"]

1. e4 c5 2. Nc3 d6 3. d4 cxd4 4. Qxd4 Nf6 5. Bg5 Nc6 6. Qd1 e6 7. Nf3 Be7 8. Bb5
O-O 9. Nd4 Bd7 10. O-O a6 11. Nxc6 bxc6 12. Bd3 d5 13. e5 Ne8 14. Bxe7 Qxe7 15.
Qh5 g6 16. Qg4 Ng7 17. Ne2 c5 18. c4 a5 19. b3 a4 20. bxa4 Rxa4 21. Nc3 Ra3 22.
Rfc1 Rb8 23. cxd5 exd5 24. Qg3 d4 25. e6 Rd8 26. exf7+ Qxf7 27. Nb1 Rxa2 28.
Rxa2 Qxa2 29. Bc4+ Kh8 30. Bxa2 1-0

[Event "AUTO-OPEN-2710"]
[Site "http://www.queenalice.com/game.php?id=1070632"]
[Date "2012.6.11"]
[Round "1"]
[White "jmdsx"]
[Black "charles"]
[Result "0-1"]
[WhiteElo "1380"]
[BlackElo "1887"]

1. e4 e5 2. Nf3 Nc6 3. Bc4 d6 4. Nc3 Bd7 5. O-O Qf6 6. d3 Bg4 7. Nd5 Qd8 8. Bg5
f6 9. Bh4 Nd4 10. h3 Nxf3+ 11. gxf3 Be6 12. f4 Bxh3 13. Re1 c6 14. Nc3 exf4 15.
Qf3 Qd7 16. Kh2 Bg4 17. Qg2 g5 18. f3 gxh4 19. Qxg4 Qxg4 20. fxg4 Bh6 21. Rf1
Bg5 22. Rae1 O-O-O 23. Ne2 b5 24. Be6+ Kc7 25. Nxf4 Nh6 26. Nh3 Rde8 27. Nxg5
fxg5 28. Rf6 Ng8 29. Bxg8 Rexg8 30. Ref1 h5 31. Kh3 Rh7 32. R1f5 hxg4+ 33. Kxg4
h3 34. Rf7+ Rxf7 35. Rxf7+ Kb6 36. Kxh3 Rh8+ 37. Kg4 Rh2 38. Kxg5 Rxc2 39. d4 c5
40. e5 dxe5 41. dxe5 Re2 42. Kf6 Rf2+ 43. Ke6 Rxb2 44. Rf6 c4 45. Kf7+ Kc5 46.
e6 c3 47. e7 Re2 48. Re6 Rf2+ 49. Rf6 Re2 50. Re6 Rf2+ 51. Kg6 Rg2+ 52. Kh5 Rg8
53. e8=Q Rxe8 0-1

[Event "AUTO-OPEN-2710"]
[Site "http://www.queenalice.com/game.php?id=1070653"]
[Date "2012.6.11"]
[Round "1"]
[White "LUKK22"]
[Black "jmdsx"]
[Result "1-0"]
[WhiteElo "2566"]
[BlackElo "1334"]

1. g4 d5 2. Bg2 e5 3. c4 c6 4. cxd5 Bxg4 5. Qb3 Qc7 6. Nc3 Nf6 7. d3 Be7 8. Be3
cxd5 9. Nxd5 Nxd5 10. Bxd5 O-O 11. Qxb7 Bb4+ 12. Qxb4 1-0

[Event "AUTO-OPEN-2710"]
[Site "http://www.queenalice.com/game.php?id=1070654"]
[Date "2012.6.11"]
[Round "1"]
[White "jmdsx"]
[Black "LUKK22"]
[Result "0-1"]
[WhiteElo "1354"]
[BlackElo "2596"]

1. e4 g6 2. d4 Bg7 3. Nf3 d6 4. Nc3 Nf6 5. Be3 O-O 6. Bc4 Nxe4 7. Nxe4 d5 8. Bd3
dxe4 9. Bxe4 f5 10. Bd3 f4 11. Bd2 Nc6 12. c3 e5 13. Bc4+ Kh8 14. dxe5 Bg4 15.
O-O Nxe5 16. Be2 Nxf3+ 17. Bxf3 Bxf3 18. gxf3 Rf5 19. Qc1 Qh4 20. Kh1 Qh3 21.
Rg1 Rd8 22. Bxf4 Qxf3+ 23. Rg2 Rfd5 0-1

[Event "AUTO-OPEN-2711"]
[Site "http://www.queenalice.com/game.php?id=1070982"]
[Date "2012.6.12"]
[Round "1"]
[White "robertson"]
[Black "jmdsx"]
[Result "0-1"]
[WhiteElo "1703"]
[BlackElo "1378"]

1. e4 c5 2. Nc3 d6 3. Bc4 Nf6 4. h3 Nc6 5. Qf3 e6 6. d3 Be7 7. Be3 O-O 8. a3 Ne5
9. Qg3 Nxc4 10. dxc4 a6 11. Bh6 Ne8 12. Nf3 Kh8 13. Bd2 b6 14. Ne2 Bb7 15. Nc3
Nf6 16. Qh2 Nxe4 17. Nxe4 Bxe4 18. O-O-O Bxf3 19. gxf3 Qc7 20. Qg2 Bf6 21. Rhg1
g6 22. Kb1 b5 23. Qg4 Rfb8 24. c3 b4 25. Kc2 bxa3 26. bxa3 Qa5 27. Rc1 Qa4+ 28.
Kd3 Rb2 29. Qe4 Rab8 30. Ke2 Qxa3 31. Kf1 Rxd2 32. Kg2 Rbb2 33. Rcf1 Qxc3 34.
Kg3 Be5+ 35. Kg2 Re2 36. Qa8+ Kg7 37. Qxa6 Qd2 38. Qa1 Rxf2+ 39. Rxf2 Qxf2+ 0-1

[Event "AUTO-OPEN-2711"]
[Site "http://www.queenalice.com/game.php?id=1070983"]
[Date "2012.6.12"]
[Round "1"]
[White "jmdsx"]
[Black "robertson"]
[Result "0-1"]
[WhiteElo "1357"]
[BlackElo "1676"]

1. e4 e5 2. Nf3 Qf6 3. Nc3 c6 4. d4 d6 5. Bg5 Qe6 6. d5 Qd7 7. dxc6 bxc6 8. Bc4
h6 9. Bh4 Qb7 10. O-O Qxb2 11. Qd2 Qb6 12. Rab1 Qc7 13. Rfd1 f6 14. h3 Bd7 15.
Rb2 g5 16. Bg3 g4 17. Rdb1 gxf3 18. Rb7 Qd8 19. gxf3 Qc8 20. Nd5 cxd5 21. Qxd5
Ne7 22. Qf7+ Kd8 23. Bh4 Nbc6 24. Bxf6 Na5 25. Bxe7+ Bxe7 26. Bd5 Nxb7 27. Bxb7
Qxc2 28. Rb3 Rb8 29. Qg7 Qd1+ 30. Kg2 Re8 31. Qf7 Qd4 32. Qg7 Qd2 33. Qf7 Qxa2
34. Bc6 Rxb3 35. Bd5 Ba4 0-1

[Event "AUTO-OPEN-2711"]
[Site "http://www.queenalice.com/game.php?id=1071006"]
[Date "2012.6.12"]
[Round "1"]
[White "jmdsx"]
[Black "r_maltz"]
[Result "0-1"]
[WhiteElo "1261"]
[BlackElo "1895"]

1. e4 d5 2. exd5 Nf6 3. Nc3 Nxd5 4. Nge2 c6 5. d4 Bf5 6. Bg5 h6 7. Bh4 g5 8. Bg3
Bg7 9. Qd2 b5 10. O-O-O Na6 11. Nxd5 cxd5 12. Nc3 b4 13. Nxd5 Qxd5 14. Bxa6 Qc6
15. Qxb4 Qxc2# 0-1

[Event "AUTO-OPEN-2711"]
[Site "http://www.queenalice.com/game.php?id=1071007"]
[Date "2012.6.12"]
[Round "1"]
[White "r_maltz"]
[Black "jmdsx"]
[Result "1-0"]
[WhiteElo "1988"]
[BlackElo "1382"]

1. c4 Nf6 2. d4 c5 3. d5 e6 4. Nc3 exd5 5. cxd5 d6 6. e4 g6 7. Bb5+ Nbd7 8. Bg5
Bg7 9. f4 O-O 10. Nf3 a6 11. Ba4 b5 12. Bb3 Qc7 13. Qe2 Re8 14. O-O b4 15. Nd1
Rxe4 16. Qd3 Bb7 17. Bxf6 Nxf6 18. Ng5 Rd4 19. Qh3 Bxd5 20. Bc2 Rd2 21. Ne3 Rd4
22. Nxd5 Rxd5 23. Rae1 Rd2 24. f5 Rxc2 25. fxg6 hxg6 26. Rxf6 Bxf6 27. Qh7+ Kf8
28. Ne6+ fxe6 29. Qxc7 Bd4+ 30. Kh1 Rf2 31. Qxd6+ Kg7 32. Qxe6 Raf8 33. Qxa6
Bxb2 34. Qc4 Bc3 35. Re7+ Kf6 36. Qh4+ g5 37. Qxf2+ Kxe7 38. Qxc5+ Ke8 39. Qb5+
Ke7 40. Qxg5+ Rf6 41. g4 1-0

[Event "AUTO-OPEN-2711"]
[Site "http://www.queenalice.com/game.php?id=1071008"]
[Date "2012.6.12"]
[Round "1"]
[White "jmdsx"]
[Black "pianist_classic21"]
[Result "0-1"]
[WhiteElo "1236"]
[BlackElo "1877"]

1. e4 e6 2. d4 d5 3. exd5 exd5 4. Nf3 c6 5. Bd3 Bd6 6. c3 Ne7 7. O-O O-O 8. Re1
Qc7 9. Bg5 f6 10. Bh4 Bg4 11. h3 Bh5 12. Nbd2 Bf4 13. c4 Na6 14. cxd5 cxd5 15.
Rc1 Qd6 16. a3 Bxf3 17. gxf3 Ng6 18. Bg3 Bxg3 19. fxg3 Qxg3+ 20. Kf1 Qxh3+ 21.
Kf2 Qh2+ 22. Kf1 Nf4 23. Re2 Qh1+ 0-1

[Event "AUTO-OPEN-2711"]
[Site "http://www.queenalice.com/game.php?id=1071009"]
[Date "2012.6.12"]
[Round "1"]
[White "pianist_classic21"]
[Black "jmdsx"]
[Result "1-0"]
[WhiteElo "1838"]
[BlackElo "1236"]

1. d4 Nf6 2. c4 c5 3. e3 e6 4. Nf3 Be7 5. g3 Nc6 6. Bg2 O-O 7. O-O b6 8. Nc3 Bb7
9. Ne5 Qc7 10. Nxc6 Bxc6 11. d5 exd5 12. Nxd5 Nxd5 13. cxd5 Bb5 14. d6 Bxd6 15.
Re1 Rae8 16. b3 Bc6 17. Bh3 Be5 18. Rb1 Be4 19. Rb2 Bxb2 20. Bxb2 d5 21. Qg4 Re7
22. Qxg7# 1-0

[Event "AUTO-BEG-545"]
[Site "http://www.queenalice.com/game.php?id=1072130"]
[Date "2012.6.14"]
[Round "1"]
[White "joao_messias"]
[Black "jmdsx"]
[Result "1-0"]
[WhiteElo "1672"]
[BlackElo "1261"]

1. e4 c5 2. Nc3 d6 3. Nf3 Nf6 4. h3 e6 5. Bb5+ Bd7 6. Bxd7+ Nbxd7 7. d3 Be7 8.
O-O O-O 9. Be3 a6 10. a3 b5 11. b4 Rc8 12. bxc5 Nxc5 13. Bxc5 dxc5 14. a4 Qb6
15. axb5 axb5 16. Ne2 b4 17. Qd2 Ra8 18. Rfb1 Ra7 19. Qc1 Rfa8 20. Rxa7 Rxa7 21.
c3 h6 22. c4 Ra3 23. Qxa3 1-0

[Event "AUTO-BEG-545"]
[Site "http://www.queenalice.com/game.php?id=1072131"]
[Date "2012.6.14"]
[Round "1"]
[White "jmdsx"]
[Black "joao_messias"]
[Result "0-1"]
[WhiteElo "1240"]
[BlackElo "1578"]

1. e4 e5 2. Nf3 d6 3. d4 exd4 4. Nxd4 h6 5. Nc3 Nf6 6. f3 Nc6 7. Be3 Bd7 8. Qd2
Be7 9. O-O-O Nh7 10. Bc4 O-O 11. g4 Bf6 12. h4 Bxd4 13. Qxd4 Nxd4 0-1

[Event "AUTO-BEG-545"]
[Site "http://www.queenalice.com/game.php?id=1072142"]
[Date "2012.6.14"]
[Round "1"]
[White "Duduca10"]
[Black "jmdsx"]
[Result "0-1"]
[WhiteElo "1679"]
[BlackElo "1327"]

1. e4 c5 2. Nc3 d6 3. d3 Nf6 4. Nf3 e6 5. Be2 Be7 6. h3 O-O 7. b3 a6 8. Bb2 Nc6
9. O-O b5 10. Nb1 Bb7 11. a3 Qb6 12. Nbd2 d5 13. exd5 Nxd5 14. c4 Nf4 15. Qe1
Nxe2+ 16. Qxe2 Nd4 17. Nxd4 cxd4 18. Qg4 Bf6 19. Nf3 Bxf3 20. Qxf3 bxc4 21. dxc4
Rad8 22. b4 Qc7 23. Rad1 Qxc4 24. Rd3 e5 25. Rc1 Qa2 26. Qd1 Rc8 27. Rd2 Rxc1
28. Qxc1 Bg5 29. Qc2 Bxd2 30. Qxd2 Rc8 31. Qe2 Qb1+ 32. Kh2 h6 33. a4 Rc2 34.
Qxa6 Qxb2 35. Qc8+ Kh7 36. Qf5+ Kg8 37. Qxe5 Qxb4 38. Qe8+ Kh7 39. Qxf7 Qd6+ 40.
f4 Rf2 41. Qf5+ Qg6 42. Qxg6+ Kxg6 43. Kg3 Ra2 44. Kf3 Rxa4 45. Ke4 Kf6 46. g4
g6 47. h4 h5 48. g5+ Ke6 0-1

[Event "AUTO-BEG-545"]
[Site "http://www.queenalice.com/game.php?id=1072143"]
[Date "2012.6.14"]
[Round "1"]
[White "jmdsx"]
[Black "Duduca10"]
[Result "1-0"]
[WhiteElo "1352"]
[BlackElo "1699"]

1. e4 e5 2. Nf3 Nf6 3. Nxe5 Qe7 4. d4 d6 5. Nf3 Nxe4 6. Qe2 Nf6 7. Bg5 Qxe2+ 8.
Bxe2 Be7 9. Nc3 h6 10. Bf4 Nc6 11. O-O O-O 12. Rfe1 a6 13. Bc4 Bg4 14. Be2 Rfe8
15. h3 Bxf3 16. Bxf3 Nxd4 17. Bd1 Nd7 18. Ne2 Nxe2+ 19. Rxe2 Bf6 20. c3 Rxe2 21.
Bxe2 Re8 22. Bf3 b6 23. Bc6 Rd8 24. Re1 Ne5 25. Bxe5 Bxe5 26. g3 g5 27. Bd5 Kg7
28. Re3 Rd7 29. Rf3 Re7 30. Bc4 b5 31. Bd5 Kg6 32. Re3 f6 33. f4 gxf4 34. gxf4
c6 35. Bxc6 Rc7 36. Be4+ f5 37. fxe5 fxe4 38. exd6 Rd7 39. Rxe4 Rxd6 40. Re2 Kg5
41. Kg2 Rd5 42. b3 h5 43. Kf3 Rd3+ 44. Re3 Rxe3+ 45. Kxe3 Kh4 46. c4 bxc4 47.
bxc4 Kxh3 48. c5 Kg2 49. c6 h4 50. c7 h3 51. c8=Q h2 52. Qc2+ Kh1 53. Kf2 1-0

[Event "AUTO-BEG-545"]
[Site "http://www.queenalice.com/game.php?id=1072148"]
[Date "2012.6.14"]
[Round "1"]
[White "x9"]
[Black "jmdsx"]
[Result "1-0"]
[WhiteElo "1460"]
[BlackElo "1378"]

1. e4 c5 2. Nf3 d6 3. Bc4 Nf6 4. Ng5 e6 5. Nc3 Be7 6. Qf3 O-O 7. O-O Nbd7 8. d3
Ne5 9. Qh3 d5 10. Bb5 a6 11. Ba4 b5 12. Bb3 1-0

[Event "AUTO-BEG-545"]
[Site "http://www.queenalice.com/game.php?id=1072149"]
[Date "2012.6.14"]
[Round "1"]
[White "jmdsx"]
[Black "x9"]
[Result "0-1"]
[WhiteElo "1378"]
[BlackElo "1478"]

1. e4 e5 2. Nf3 Nc6 3. Bb5 Nb4 4. c3 c6 5. Be2 Na6 6. d4 f6 7. O-O Bd6 8. dxe5
Nc5 9. exd6 Qa5 10. b4 Qb6 11. bxc5 Qxc5 12. Be3 Qa5 0-1